| 000 | 004600000a22001930004500 | ||
|---|---|---|---|
| 001 | 003590 | ||
| 003 | MACL | ||
| 005 | 20150703121836.0 | ||
| 008 | 150703b xxu||||| |||| 00| 0 eng d | ||
| 040 |
_aMACL _cmacl |
||
| 041 | _aEnglish | ||
| 082 | _a303.48/RAY | ||
| 100 |
_aRay, Sibnarayan _9430 |
||
| 245 |
_aRadicalism _cSibnarayan Ray |
||
| 260 |
_aNew Delhi _c2007 _bRenaissance |
||
| 350 | _a200 | ||
| 650 |
_aSocial Science _929 |
||
| 942 |
_k303 _cBK _2ddc |
||
| 999 |
_c15488 _d15488 |
||